000 00546nam a22001817a 4500
005 20251108171240.0
008 250721s1995 xx 000 0 ara d
082 1 4 _a211.7/كما
100 1 _aكمال، مختار شاكر
245 1 0 _aدعوة إلى تدبير القرآن الكريم :
_bكيف و لماذا /
264 1 _aعمان :
_bدار البشير،
_c1995.
300 _a224ص
650 1 7 _aالقرآن الكريم
650 1 7 _aالفاظ
650 1 7 _aمعاني و أحكام
942 _2ddc
_cBK
999 _c60423
_d60423